Αυτοεκτίμηση και σχολική επίδοση μαθητών : διπλωματική εργασία [μεταπτυχιακή εργασία]
Αποθηκεύτηκε σε:
| Κύριος συγγραφέας: | |
|---|---|
| Συγγραφή απο Οργανισμό/Αρχή: | |
| Άλλοι συγγραφείς: | |
| Μορφή: | Thesis Βιβλίο |
| Γλώσσα: | Greek |
| Δημοσίευση: |
2011
|
| Θέματα: | |
| Διαθέσιμο Online: | http://hdl.handle.net/11610/14381 |
| Ετικέτες: |
Προσθήκη ετικέτας
Δεν υπάρχουν, Καταχωρήστε ετικέτα πρώτοι!
|
MARC
| LEADER | 00000cam a2200000 i 4500 | ||
|---|---|---|---|
| 001 | 1/14890 | ||
| 008 | 110906s2011 gre d | ||
| 035 | |l 10110753 | ||
| 040 | |a GR-MY-UA |b gre |e aacr | ||
| 041 | 0 | |a gre | |
| 082 | 0 | |a 371.8 |2 (22) | |
| 100 | 1 | |a Φασουράκη, Ρηγώ Χ. | |
| 245 | 1 | 0 | |a Αυτοεκτίμηση και σχολική επίδοση μαθητών : |b διπλωματική εργασία [μεταπτυχιακή εργασία] / |c Ρηγώ Χ. Φασουράκη ; επιβλέπων: Νικήτας Πολεμικός |
| 260 | |c 2011 | ||
| 300 | |a 137 σ.; |b πιν.; |c 30 εκ. | ||
| 500 | |a Μέλη εξεταστικής επιτροπής: Ποτίτσα Ξανθάκου, Θωμάς Μπάμπαλης | ||
| 502 | |a Διατριβή (μεταπτυχιακή) – Πανεπιστήμιο Αιγαίου, Ρόδος, 2011. | ||
| 504 | |a Βιβλιογραφία: σ. 103-127 | ||
| 650 | 0 | 0 | |a School psychology. |
| 650 | 0 | 0 | |a Students |x Psychology. |
| 650 | 0 | 0 | |a Students |x Rating of. |
| 650 | 0 | 0 | |a Students |x Self-rating of. |
| 650 | 0 | 0 | |a Self-esteem. |
| 650 | 0 | 0 | |a Dissertations, Academic |z Greece. |
| 700 | 1 | |a Πολεμικός, Νικήτας Ε. |4 ths | |
| 710 | 2 | |a Πανεπιστήμιο Αιγαίου |b Σχολή Ανθρωπιστικών Επιστημών |b Τμήμα Επιστημών της Προσχολικής Αγωγής και του Εκπαιδευτικού Σχεδιασμού |b Πρόγραμμα Μεταπτυχιακών Σπουδών Μοντέλα Σχεδιασμού και Ανάπτυξης Εκπαιδευτικών Μονάδων . | |
| 852 | |a INST |b RHODES |c DIATR |e 20110906 |h 371.8 ΦΑΣ |p 005400033139 |q 005400033139 |t MTXE |y 23 | ||
| 852 | |a INST |b RHODES |c DIATR |e 20110906 |h 371.8 ΦΑΣ |p 005400033140 |q 005400033140 |t MTXE |y 23 | ||
| 856 | |u http://hdl.handle.net/11610/14381 | ||
| 901 | |a BIBL4-2011-3 | ||
| 909 | |a Ρ |b 164070 | ||
| 909 | |a Ρ |b 164071 | ||
| 924 | |a ΦΑΣΟΥΡΑΚΗ |b ΡΗΓΩ Χ. |y ΡΟΔΟΣ |z 2011-09 | ||
| 970 | |z 2010/05/ | ||